01422nam a2200241Ia 4500001001100000003001000011008004100021040002500062041001300087100003000100245005800130250001100188260006700199300002700266500026400293501011400557520026400671650002800935942000700963957000600970999004200976952016201018L242-14223IT-CnALBA170116s9999||||xx |||||||||||||| ||und|| aIT-CnALBAcIT-CnALBA aITALIANO aTESTORE P. CELESTINO, SJ. 0aLA PERFEZIONE DELLA VIRTÙ. SAN GIOVANNI BERCHMANS.  a3a ed. aCINISELLO BALSAMO (MI)bEDIZIONI PAOLINEc1965 [1° Ed.: n.d.] a102 p. (prefazione: 7) aSANTITÀ. PUREZZA. STUDIO. CASTITÀ. PACE E TRANQUILLITA'. REGOLE. MARIA VERGINE. CROCIFISSO. FESTA DI S. GIOVANNI BERCHMANS. APPENDICE: LE CINQUE DOMENICHE. SUPPLICHE E PREGHIERE. ILLUSTRAZIONI FOTOGRAFICE FUORI TESTO BIANCO E NERO. CONFRONTA DOCUMENTO 13O aSocietà San Paolo EM - Piazza San Paolo, 14 - 12051 ALBA (CN) (non commercial uses only) ® Copyright 2017 aSANTITÀ. PUREZZA. STUDIO. CASTITÀ. PACE E TRANQUILLITA'. REGOLE. MARIA VERGINE. CROCIFISSO. FESTA DI S. GIOVANNI BERCHMANS. APPENDICE: LE CINQUE DOMENICHE. SUPPLICHE E PREGHIERE. ILLUSTRAZIONI FOTOGRAFICE FUORI TESTO BIANCO E NERO. CONFRONTA DOCUMENTO 13O aMEDITAZIONI E PREGHIERA cBK 71 a18975bNOg Copie: 1 c273398d273398 0010406L_2421422371aALBAbALBAd2017-01-16l0oL242-14223r2017-01-16 00:00:00w2017-01-16yBKz(data import: 16 gennaio 2017) - By Epidotti, Vaglietti.